Представление документа в формате RUSMARC

ПолеНазваниеЗначение
  Тип записи a
  Библиографический уровень m
001 Контрольный номер RU/SLIB/B/208735214
005 Дата корректировки 20201206204036.2
010 Индекс ISBN __
a ISBN 5-7975-0367-0
d Цена 73-90
101 Язык документа 0_
a Язык текста rus
c Язык оригинала rus
200 Заглавие и сведения об ответственности 1_
a Заглавие Экономика России
e Сведения, относящиеся к заглавию учеб. пособие для студентов вузов
f Первые сведения об ответственности В. В. Виноградов
b Общее обозначение материала Текст
210 Выходные данные __
a Место издания М.
c Издательство Юристъ
d Дата издания 2001
215 Физическое описание __
a Объем 320 с.
225 Серия __
a Серия Homo faber
330 Аннотация __
a Аннотация В учебнике дана характеристика экономического потенциала РФ, включая природные и трудовые ресурсы, состояние отраслей хозяйства, место России в мировой экономике, а также освещены проблемы перехода страны к рыночной экономике и роль государства в ней. Для студентов вузов.
606 Тематические рубрики __
a Основная рубрика Экономика
y Географическая подрубрика Россия; РФ; Российская Федерация
606 Тематические рубрики __
a Основная рубрика Экономика России
610 Ключевые слова __
a Ключевые слова природные ресурсы; потенциал; экономический рост; международное разделение труда; рыночные отношения; реформы; государственное регулирование; собственность; валютный рынок; рынок капитала; рынок труда; товарные рынки; фондовый рынок; денежная система; денежно-кредитная политика; бюджетный федерализм; бюджетная система; рыночная экономика; предпринимательство; финансы; кредиты; налоговая система; производство
686 Индексы других классификаций __
a Классификационный индекс 65.9(2Рос)я73 ; ст65.9(2Рос)я7
700 Автор _1
a Фамилия Виноградов
b Имя В. В.
4 Код отношения 070
801 Источник записи _0
a Страна RU
b Организация Муниципальное бюджетное учреждение культуры "Централизованная библиотечная система" г. Сургут (Центральная городская библиотека им. А. С. Пушкина)
g Правила каталогизации КиК/Тесленко
801 Источник записи _1
a Страна RU
b Организация Муниципальное бюджетное учреждение культуры "Централизованная библиотечная система" г. Сургут (Центральная городская библиотека им. А. С. Пушкина)
g Правила каталогизации КиК/Тесленко
852 Данные о местонахождении __
j Шифр хранения 65.9(2Рос)я73
c Каталожный индекс 65.9(2Рос)я73
i Авторский знак В 49
901 Тип документа __
t Тип документа m
903 Характеристики (МАРС) __
a Дата передачи 20030225
969 Тип издания __
a Тип издания учебное пособие
990 Данные о заказе (DOS) __
j Количество экземпляров (DOS) 1
t N записи в КСУ для И/У (DOS) 200303